=LDR 00000nam 2200000 4500 =001 INLIS000000000059901 =005 20211216075329 =035 ##$$a 0010-1221000128 =007 ta =008 211216###########################0#ind## =082 ##$$a 351.1 =084 ##$$a 351.1 Pet p =245 ##$$a Petunjuk Operasional Organisasi KORPRI /$c Dewan Pengurus Nasional =300 ##$$a ii,35 halaman ; $c 21 cm. =650 #4$$a Pegawai Negeri =264 ##$$a jakarta :$b Dewan Pengurus Nasional,$c 2005 =336 ##$$a teks$2 rdacontent =337 ##$$a lain-lain$2 rdamedia =338 ##$$a lain-lain$2 rdacarrier =990 ##$$a 35673567 =990 ##$$a 35673567 =990 ##$$a 35673567